|
|
|
|
| LEADER |
00589cam a2200181 7i4500 |
| 001 |
0000014252 |
| 005 |
20040721090000.0 |
| 020 |
0 |
0 |
|a 187716500X
|
| 090 |
0 |
0 |
|a N.Z 658.8
|b MAR
|
| 100 |
1 |
0 |
|a Gary
|
| 245 |
1 |
0 |
|a Market orientation, pricing and perceived performance.
|
| 260 |
0 |
0 |
|a Dunedin:
|b New Zealand Marketing Management Research Programme,
|c 1996.
|
| 300 |
# |
# |
|a 56 p.
|
| 440 |
0 |
0 |
|a New Zealand Marketing Management Research Programme
|
| 650 |
0 |
0 |
|a Marketing --
|z New Zealand
|
| 651 |
0 |
0 |
|a New Zealand
|
| 700 |
1 |
1 |
|a Mathesan,
|h Phil
|
| 999 |
|
|
|a B000011280
|b Book
|c Countries
|e Business Information Centre
|